| 000 | 00415cam a2200181ua 4500 | ||
|---|---|---|---|
| 020 | _cRs. 7.31 | ||
| 041 |
_aeng _h |
||
| 082 |
_a620.1 _bMOR/EL |
||
| 100 | _aMorley, Abraham . | ||
| 245 | _aElementary applied mechanics | ||
| 260 |
_aLondon : _bLongman , _c1961. |
||
| 300 | _a382 ; . | ||
| 365 | _aRs. 7.31 | ||
| 504 | _a | ||
| 700 | 1 | _aInchelly, William . | |
| 942 | _cBK | ||
| 999 |
_c1559 _d1559 |
||